Hurray for the Fourth of July / Wendy Watson.
A small-town family celebrates the Fourth of July by attending a parade, having a picnic, and watching fireworks. Interspersed throughout the pages are patriotic songs and traditional rhymes.
Record details
- ISBN: 0395536278
- Physical Description: 1 v. (unpaged) : color illustrations ; 26 cm.
- Publisher: New York : Clarion Books, c1992.
Search for related items by subject
| Subject: | Fourth of July > Juvenile fiction. Fourth of July > Fiction. |
| LDR | 00956cam a2200253 a 4500 | ||
|---|---|---|---|
| 001 | 123789 | ||
| 003 | CONS | ||
| 005 | 20140703073301.0 | ||
| 008 | 910606s1992 nyua j 000 1 eng | ||
| 010 | . | ‡a 91023892 | |
| 020 | . | ‡a0395536278 | |
| 035 | . | ‡a(CPomAG)LMN485444 | |
| 042 | . | ‡alcac | |
| 050 | 0 | 0. | ‡aPZ7.W332 ‡bHu 1992 |
| 082 | 0 | 0. | ‡a[E] ‡220 |
| 100 | 1 | . | ‡aWatson, Wendy. |
| 245 | 1 | 0. | ‡aHurray for the Fourth of July / ‡cWendy Watson. |
| 260 | . | ‡aNew York : ‡bClarion Books, ‡cc1992. | |
| 300 | . | ‡a1 v. (unpaged) : ‡bcolor illustrations ; ‡c26 cm. | |
| 520 | . | ‡aA small-town family celebrates the Fourth of July by attending a parade, having a picnic, and watching fireworks. Interspersed throughout the pages are patriotic songs and traditional rhymes. | |
| 650 | 0. | ‡aFourth of July ‡vJuvenile fiction. | |
| 650 | 1. | ‡aFourth of July ‡vFiction. | |
| 959 | . | ‡i32269000330194 ‡lE Wat ‡aJuvenile - Easy ‡tEasy ‡g14.45 | |
| 852 | . | ‡p32269000330194 ‡jE Wat ‡gJuvenile - Easy ‡cEasy ‡y14.45 ‡bSBPL | |
| 901 | . | ‡a123789 ‡bUnknown ‡c123789 ‡tbiblio | |